| 000 | 00441nam a2200169Ia 4500 | ||
|---|---|---|---|
| 008 | 230718s9999 xx 000 0 und d | ||
| 020 | _a9788178001395 | ||
| 041 | _aeng | ||
| 082 |
_a629.8 _bJAG |
||
| 100 |
_aJagan N.C. _9155084 |
||
| 245 | _aControl Systems | ||
| 250 | _a2nd ed. | ||
| 260 | _bBS Publications | ||
| 365 |
_cRs. _b225.00 |
||
| 700 |
_aJagan N.C. _9155084 |
||
| 906 |
_dO:0452420-Jul-2015B:IN 52408-Jul-2015 _cINST _b281.25 |
||
| 999 |
_c339733 _d339733 |
||